| 000 | 00882nam a2200229 a 4500 | ||
|---|---|---|---|
| 003 | BD-DhJNU | ||
| 005 | 20250123052442.0 | ||
| 008 | 160822b 1996 bg a||| |||| 00| 0 ben d | ||
| 020 | _a9840601458 | ||
| 040 |
_aBD-DhJNU _bben _cBD-DhJNU _dBD-DhJNU |
||
| 082 |
_a297.03 ISL _223 |
||
| 110 | _aইসলামিক ফাউন্ডেশন বাংলাদেশ | ||
| 245 | _aইসলামী বিশ্বকোষ, ২৫শ খণ্ড / | ||
| 246 | _aIslami bissokosh / | ||
| 260 |
_aঢাকা : _bইসলামিক ফাউন্ডেশন বাংলাদেশ, _c1996. |
||
| 300 |
_a771 p. ; _c26 cm. |
||
| 490 | _v২৫শ খণ্ড | ||
| 526 | _aIslamic Studies | ||
| 650 | _aIslamic studies (ইসলাম শিক্ষা). | ||
| 650 | _aIslamic - Encyclopedia (ইসলামী বিশ্বকোষ). | ||
| 942 |
_2ddc _cREF _n0 |
||
| 999 |
_c1167 _d1167 |
||